[Event "Eger Agria op 40th"]
[Site "Eger"]
[Date "2016.07.21"]
[Round "6"]
[White "Kovacs, Adalbert"]
[Black "Szabo, Andrea Erzsebet"]
[Result "1/2-1/2"]
[WhiteElo "1881"]
[BlackElo "1380"]
[PlyCount "70"]
[EventDate "2016.07.18"]
[EventType "swiss"]
[EventRounds "8"]
[EventCountry "HUN"]
[SourceTitle "EXT 2020"]
[Source "ChessBase"]
[SourceDate "2019.10.17"]
[SourceVersion "1"]
[SourceVersionDate "2019.10.17"]
[SourceQuality "1"]

1. e4 c6 2. d4 d5 3. exd5 cxd5 4. Bd3 Nc6 5. c3 Nf6 6. Bg5 e6 7. Nf3 Be7 8. Nbd2 Qc7 9. Rc1 h6 10. Bh4 e5 11. Nxe5 Nxe5 12. dxe5 Qxe5+ 13. Qe2 Qxe2+ 14. Bxe2 Be6 15. Bb5+ Bd7 16. Bxd7+ Nxd7 17. Bxe7 Kxe7 18. Nf3 Rhe8 19. Kd2 Kd6 20. Rhe1 Nc5 21. Re3 Rxe3 22. fxe3 a6 23. Ne1 b5 24. Nd3 Nxd3 25. Kxd3 Re8 26. Rf1 f6 27. Rf4 Ke5 28. a4 Rb8 29. Rb4 g5 30. Kc2 h5 31. h3 f5 32. b3 Kd6 33. a5 Rc8 34. Kd3 Ke5 35. Kd2 Rc7 1/2-1/2

[Event "Eger Agria op 40th"]
[Site "Eger"]
[Date "2016.07.19"]
[Round "3"]
[White "Csontos, Dominik"]
[Black "Kovacs, Adalbert"]
[Result "1/2-1/2"]
[WhiteElo "1619"]
[BlackElo "1881"]
[PlyCount "21"]
[EventDate "2016.07.18"]
[EventType "swiss"]
[EventRounds "8"]
[EventCountry "HUN"]
[SourceTitle "EXT 2020"]
[Source "ChessBase"]
[SourceDate "2019.10.17"]
[SourceVersion "1"]
[SourceVersionDate "2019.10.17"]
[SourceQuality "1"]

1. e4 e6 2. d4 d5 3. exd5 exd5 4. Bf4 Nf6 5. Bd3 Bd6 6. Bxd6 Qxd6 7. Nf3 0-0 8. 0-0 Nc6 9. c3 Re8 10. Nbd2 Bd7 11. Qc2 1/2-1/2

[Event "Eger Agria op 40th"]
[Site "Eger"]
[Date "2016.07.18"]
[Round "1"]
[White "Urhegyi, Marton"]
[Black "Kovacs, Adalbert"]
[Result "1-0"]
[WhiteElo "2296"]
[BlackElo "1881"]
[PlyCount "42"]
[EventDate "2016.07.18"]
[EventType "swiss"]
[EventRounds "8"]
[EventCountry "HUN"]
[SourceTitle "EXT 2020"]
[Source "ChessBase"]
[SourceDate "2019.10.17"]
[SourceVersion "1"]
[SourceVersionDate "2019.10.17"]
[SourceQuality "1"]

1. e4 e6 2. d4 d5 3. Nd2 c5 4. exd5 Qxd5 5. dxc5 Bxc5 6. Ngf3 Nf6 7. Bc4 Qd6 8. 0-0 0-0 9. Qe2 a6 10. Ne4 Nxe4 11. Qxe4 Qc6 12. Qh4 Be7 13. Bg5 Bxg5 14. Nxg5 h6 15. Bd3 f5 16. Nf3 Nd7 17. Nd4 Qd6 18. Nxe6 Rf6 19. Bc4 Kh8 20. Ng5 Ne5 21. Rad1 Qc7 1-0

[Event "HUN-chT2 Erkel 0203"]
[Site "Hungary"]
[Date "2003.02.02"]
[Round "6"]
[White "Aczel, Tibor"]
[Black "Kovacs, Adalbert"]
[Result "1/2-1/2"]
[WhiteElo "1953"]
[BlackElo "2105"]
[PlyCount "118"]
[EventDate "2002.09.22"]
[EventType "team"]
[EventRounds "11"]
[EventCountry "HUN"]
[SourceTitle "EXT 2009"]
[Source "ChessBase"]
[SourceDate "2008.11.26"]
[SourceVersion "1"]
[SourceVersionDate "2008.11.26"]
[SourceQuality "1"]

1. e4 e6 2. d4 d5 3. Nc3 Nf6 4. e5 Nfd7 5. Nce2 c5 6. c3 Nc6 7. f4 Qb6 8. Nf3 Be7 9. Rb1 0-0 10. Be3 cxd4 11. cxd4 f6 12. Qd2 Qd8 13. Nc3 Nb6 14. Be2 Bd7 15. 0-0 Na5 16. Bf2 Be8 17. Bd3 f5 18. Nd1 Nac4 19. Qe2 a6 20. Ne3 Nxe3 21. Bxe3 Bh5 22. Rbc1 Qd7 23. Rc2 Rac8 24. Rfc1 Rxc2 25. Rxc2 Rc8 26. Rxc8+ Qxc8 27. Qc2 Qxc2 28. Bxc2 Nc4 29. Bc1 Bxf3 30. gxf3 b5 31. b3 Nb6 32. Kf2 Kf7 33. Bd3 Bb4 34. Ke2 Bc3 35. Be3 Na8 36. Kd1 Nc7 37. Kc2 b4 38. Bf1 Kg6 39. Bd3 a5 40. Bf1 Kh5 41. Kd1 h6 42. Bf2 g5 43. fxg5 hxg5 44. Be2 f4 45. Bd3 g4 46. Be2 gxf3 47. Bxf3+ Kg5 48. h4+ Kf5 49. Kc2 Nb5 50. Kd3 Na7 51. Bg1 Be1 52. h5 Kg5 53. Bg4 Nc6 54. Bxe6 Ne7 55. Bf7 Bc3 56. Bh2 Nf5 57. Bg1 Ng3 58. Bf2 Nxh5 59. e6 Ng7 1/2-1/2

[Event "Gyongyos Matra Cup"]
[Site "Gyongyos"]
[Date "2002.03.28"]
[Round "1"]
[White "Nagy, Zoltan"]
[Black "Kovacs, Adalbert"]
[Result "1/2-1/2"]
[WhiteElo "2246"]
[BlackElo "2105"]
[PlyCount "76"]
[EventDate "2002.03.28"]
[EventType "swiss"]
[EventRounds "7"]
[EventCountry "HUN"]
[SourceTitle "EXT 2004"]
[Source "ChessBase"]
[SourceDate "2003.11.25"]
[SourceVersion "1"]
[SourceVersionDate "2003.11.25"]
[SourceQuality "1"]

1. d4 Nf6 2. Nf3 g6 3. c4 Bg7 4. Nc3 0-0 5. e4 d6 6. Be2 c6 7. h3 Nbd7 8. Be3 a6 9. a4 Qc7 10. 0-0 e5 11. d5 c5 12. Nh2 Ne8 13. Ng4 f5 14. exf5 gxf5 15. Nh2 f4 16. Bd2 Ndf6 17. Qc2 Qf7 18. Nf3 Qh5 19. Nh2 Qh6 20. Qd3 Rf7 21. Rfe1 Bf8 22. Kh1 Ng7 23. Ne4 Nxe4 24. Qxe4 Bf5 25. Qf3 Qg6 26. Bd1 Be7 27. Rg1 Bg5 28. Nf1 h5 29. Bc3 Be4 30. Qe2 Bd3 31. Qe1 Bxc4 32. Bf3 Bd3 33. Nd2 Bf5 34. b4 c4 35. Rc1 Re8 36. Ne4 Bxe4 37. Qxe4 Qh6 38. Qe2 Rc7 1/2-1/2